Adquisición de las consonantes líquidas en el español de México (Record no. 192591)
[ view plain ]
| 000 -CABECERA | |
|---|---|
| campo de control de longitud fija | 01683nab a2200277 a 4500 |
| 005 - FECHA Y HORA DE LA ÚLTIMA TRANSACCIÓN | |
| campo de control | 20250102182710.0 |
| 008 - ELEMENTOS DE LONGITUD FIJA--INFORMACIÓN GENERAL | |
| campo de control de longitud fija | 991125c2016 mx fr p o 000 0 spa d |
| 035 ## - NÚMERO DE CONTROL DEL SISTEMA | |
| Número de control de sistema | UPN01000220492 |
| 040 ## - FUENTE DE LA CATALOGACIÓN | |
| Centro catalogador/agencia de origen | UPN |
| Lengua de catalogación | spa |
| Centro/agencia transcriptor | UPN |
| Normas de descripción | aacr2 |
| 049 ## - COLECCIÓN | |
| Colección | ART-E |
| 100 1# - ASIENTO PRINCIPAL--NOMBRE PERSONAL | |
| Nombre de persona | Oropeza Escobar, Minerva |
| Enlace | - esmioro@yahoo.com.mx |
| 245 10 - MENCIÓN DE TÍTULO | |
| Título | Adquisición de las consonantes líquidas en el español de México |
| Medio | [recurso electrónico en línea] |
| 506 0# - NOTA DE RESTRICCIONES AL ACCESO | |
| Limitaciones de acceso | Acceso abierto |
| 520 3# - NOTA DE RESUMEN, ETC. | |
| Sumario, etc. | El presente trabajo se centra en la adquisición de las líquidas en niños mexicanos de dos a seis años de edad cuya primera lengua es el español. En particular, se analiza el desarrollo segmental, identificando y discutiendo las diferencias individuales y sus respectivas motivaciones. Se observa que el reanálisis de los lindes morfológicos y el tratamiento analógico de secuencias fonológicas juegan un papel importante en la distribución de las líquidas en la representación fonológica del niño constituyen una fuente de diferencias a nivel de realización fonética entre niños y adultos. Asimismo, se aplican dichos hallazgos a la mejor comprensión del desarrollo atípico del lenguaje y a la logopedia. |
| 650 #2 - ASIENTO SECUNDARIO DE MATERIA - TERMINO TEMATICO | |
| 9 (RLIN) | 7939 |
| Término de materia o nombre geográfico como elemento de entrada | Desarrollo del lenguaje |
| 650 #2 - ASIENTO SECUNDARIO DE MATERIA - TERMINO TEMATICO | |
| Término de materia o nombre geográfico como elemento de entrada | Problemas de lenguaje |
| 9 (RLIN) | 5386 |
| 650 #2 - ASIENTO SECUNDARIO DE MATERIA - TERMINO TEMATICO | |
| 9 (RLIN) | 20827 |
| Término de materia o nombre geográfico como elemento de entrada | Terapia del lenguaje |
| 653 0# - TERMINO DE INDIZACION - NO CONTROLADO | |
| Término no controlado | Lenguaje oral |
| 653 0# - TERMINO DE INDIZACION - NO CONTROLADO | |
| Término no controlado | Español (lengua) |
| 773 ## - ENLACE AL DOCUMENTO FUENTE/ENTRADA DE REGISTRO ANFITRIÓN | |
| Parte(s) relacionada(s) | No. 25 (2017), p. 168-198 |
| Título | CPU-e, revista de investigación educativa |
| Número Internacional Normalizado para Publicaciones Seriadas | 1870-5308 |
| 856 4# - LOCALIZACIÓN Y ACCESO ELECTRÓNICOS | |
| Identificador Uniforme del Recurso | <a href="https://cpue.uv.mx/index.php/cpue/article/view/2526">https://cpue.uv.mx/index.php/cpue/article/view/2526</a> |
| 856 4# - LOCALIZACIÓN Y ACCESO ELECTRÓNICOS | |
| Identificador Uniforme del Recurso | <a href="https://doi.org/10.25009/cpue.v0i25.2526">https://doi.org/10.25009/cpue.v0i25.2526</a> |
| 902 ## - ELEMENTOS DE DATOS B LOCAL, LDB (RLIN) | |
| Creó | Gloria Jiménez/ |
| 905 ## - TIPO DE MATERIAL | |
| Tipo de material | Articulo |
| 942 ## - ELEMENTOS DE PUNTO DE ACCESO ADICIONAL (KOHA) | |
| Tipo de ítem Koha | Artículo Electrónico |
| Estado de retiro | Estado de pérdida | Estado dañado | No para préstamo | Código de colección | Localización permanente | Ubicación/localización actual | Ubicación en estantería | Fecha de adquisición | Total de préstamos | Fecha visto por última vez | Identificador Uniforme del Recurso | Precio válido a partir de | Tipo de ítem Koha |
|---|---|---|---|---|---|---|---|---|---|---|---|---|---|
| Acceso abierto | Bib. Gregorio Torres Quintero | Bib. Gregorio Torres Quintero | En línea | 05/06/2024 | 05/06/2024 | https://doi.org/10.25009/cpue.v0i25.2526 | 05/06/2024 | Artículo Electrónico |
